书目信息 |
| 题名: |
政府工作报告
|
|
| 作者: | 华国锋 报告 ;人民代表大会第二次会议上 | |
| 分册: | ||
| 出版信息: | 北京 人民出版社 1999 |
|
| 页数: | 40页 | |
| 开本: | 19cm | |
| 丛书名: | ||
| 单 册: | ||
| 中图分类: | D220 | |
| 科图分类: | ||
| 主题词: | 政府工作报告-全国人民代表大会,第五届--中国 , 中国共产党 | |
| 电子资源: | ||
| ISBN: | 7-01-003009-X | |
| 000 | 01046nam0 2200265 45 | |
| 001 | 0179003662 | |
| 005 | 20070718175313.35 | |
| 010 | @a7-01-003009-X@dCNY2.10 | |
| 100 | @a19950713d1999 em y0chiy0121 ea | |
| 101 | 0 | @achi |
| 102 | @aCN@b110000 | |
| 102 | @aCN@b110000 | |
| 105 | @ay z 100yy | |
| 200 | 10 | @a政府工作报告@Azheng fu gong zuo bao gao@e1999年3月5日在第九届全国人民代表大会第二次会议上@f人民代表大会第二次会议上@Fren min dai biao da hui di er ci hui yi shang |
| 210 | @a北京@c人民出版社@d1999 | |
| 215 | @a40页@d19cm | |
| 517 | 1 | @a1999年3月5日在第九届全国人民代表大会第二次会议上@A1999 nian 3 yue 5 ri zai di jiu jie quan guo ren min dai biao da hui di er ci hui yi shang |
| 601 | 12 | @a全国人民代表大会,第五届@x政府工作报告@y中国 |
| 606 | @a政府工作报告-全国人民代表大会,第五届@y中国 | |
| 606 | 0 | @a中国共产党 |
| 690 | @aD220@v4 | |
| 701 | 0 | @a华国锋@Ahua guo feng@4报告 |
| 711 | 02 | @a人民代表大会第二次会议上@Aren min dai biao da hui di er ci hui yi shang |
| 801 | 0 | @aCN@bTSSF@c20070718 |
| 905 | @a10447@dD220@e129 | |
| 政府工作报告:1999年3月5日在第九届全国人民代表大会第二次会议上/人民代表大会第二次会议上.-北京:人民出版社,1999 |
| 40页;19cm |
| ISBN 7-01-003009-X:CNY2.10 |
| ● |
| 相关链接 |
|
|
|
|
正题名:政府工作报告
索取号:D220/129
 
预约/预借
| 序号 | 登录号 | 条形码 | 馆藏地/架位号 | 状态 | 备注 |
| 1 | 0765160 | 207651600 | 第一样本阅览室/ [索取号:D220/129] | 在馆 | |
| 2 | 0770534 | 207705349 | 密集书库/ [索取号:D220/129] | 在馆 |